| 000 | 00814nam a2200229 i 4500 | ||
|---|---|---|---|
| 001 | 99868 | ||
| 003 | ES-MaACL | ||
| 005 | 20250824224831.0 | ||
| 007 | t| | ||
| 008 | 050919s1974 sp |||| | spa d | ||
| 100 | 1 |
_aMartínez Nadal, Rafael, _d1903-2001 _978273 |
|
| 245 | 1 | 3 |
_aEl público _b: amor y muerte en la obra de Federico García Lorca / _cRafael Martínez Nadal. |
| 250 | _a2ª ed. | ||
| 260 |
_aMéxico : _bJoaquín Mortiz, _c1974. |
||
| 300 |
_a293 p. ; _c21 cm. |
||
| 490 | 1 | _aConfrontaciones. Los críticos | |
| 600 | 1 | 4 |
_aGarcía Lorca, Federico, _d1898-1936- _xCrítica e interpretación _954857 |
| 600 | 1 | 7 |
_aGarcía Lorca, Federico, _d1898-1936. _tEl público _2 _9166620 |
| 830 | 0 |
_aConfrontaciones. Los críticos _9226601 |
|
| 852 |
_aES-MaACL _jL-7446 |
||
| 999 |
_c99868 _d99868 |
||